<?xml version="1.0" encoding="UTF-8"?>
<collection xmlns:xsi="http://www.w3.org/2001/XMLSchema-instance" xsi:schemaLocation="http://www.loc.gov/MARC21/slim http://www.loc.gov/standards/marcxml/schema/MARC21slim.xsd" xmlns="http://www.loc.gov/MARC21/slim">
 <record>
  <leader>00000ctm a22000003a 4500</leader>
  <controlfield tag="001">UP-99796217612562464</controlfield>
  <controlfield tag="003">Buklod</controlfield>
  <controlfield tag="005">20170810162205.0</controlfield>
  <controlfield tag="006">t     r    |||| u|</controlfield>
  <controlfield tag="007">ta</controlfield>
  <controlfield tag="008">170810s2017    xx     d     r    |||| u|</controlfield>
  <datafield tag="035" ind1=" " ind2=" ">
   <subfield code="a">(iLib)UPD-00343311542</subfield>
  </datafield>
  <datafield tag="040" ind1=" " ind2=" ">
   <subfield code="a">DCHE</subfield>
   <subfield code="e">rda</subfield>
  </datafield>
  <datafield tag="041" ind1=" " ind2=" ">
   <subfield code="a">eng</subfield>
  </datafield>
  <datafield tag="090" ind1=" " ind2=" ">
   <subfield code="a">LG 993.5 2017 I58</subfield>
   <subfield code="b">D46</subfield>
  </datafield>
  <datafield tag="100" ind1="1" ind2=" ">
   <subfield code="a">Dela Cruz, Maria Freza Sarah F.</subfield>
   <subfield code="e">author.</subfield>
  </datafield>
  <datafield tag="245" ind1="1" ind2="2">
   <subfield code="a">A descriptive survey of the values of selected interior design students in relation to their attitudes towards social design</subfield>
   <subfield code="c">Maria Freza Sarah F. dela Cruz ; Raquel B. Florendo, adviser.</subfield>
  </datafield>
  <datafield tag="264" ind1=" " ind2="0">
   <subfield code="a">Quezon City</subfield>
   <subfield code="b">College of Home Economics, University of the Philippines Diliman</subfield>
   <subfield code="c">2017.</subfield>
  </datafield>
  <datafield tag="300" ind1=" " ind2=" ">
   <subfield code="a">viii, 77 leaves</subfield>
   <subfield code="c">28 cm +</subfield>
   <subfield code="e">1 CD ROM (4 3/4 inc)</subfield>
  </datafield>
  <datafield tag="336" ind1=" " ind2=" ">
   <subfield code="a">text</subfield>
   <subfield code="2">rdacontent.</subfield>
  </datafield>
  <datafield tag="337" ind1=" " ind2=" ">
   <subfield code="a">unmediated</subfield>
   <subfield code="2">rdamedia.</subfield>
  </datafield>
  <datafield tag="338" ind1=" " ind2=" ">
   <subfield code="a">volume</subfield>
   <subfield code="2">rdacarrier.</subfield>
  </datafield>
  <datafield tag="500" ind1=" " ind2=" ">
   <subfield code="a">submitted June 2017</subfield>
  </datafield>
  <datafield tag="502" ind1=" " ind2=" ">
   <subfield code="a">Thesis (B.S. Interior Design)--University of the Philippines Diliman</subfield>
   <subfield code="d">June 2017.</subfield>
  </datafield>
  <datafield tag="506" ind1=" " ind2=" ">
   <subfield code="a">NOT-FOR-SERVICE</subfield>
  </datafield>
  <datafield tag="520" ind1=" " ind2=" ">
   <subfield code="a">Anderson (2007) argues that interior design needs to focus on contributing to the society to gain public recognition. Service learning is incorporated in the curriculum of interior design to emphasize the need to provide service to the public, however, it is necessary to first assess if there is the need to enrich the values of interior design students and a system that will promote the use of social design in the professional practice. This study determined the relation of 46 students level of values of giving in relation to their attitude towards social design. As a descriptive survey, both quantitative and qualitative methods were used in data gathering and analysis. A purposive sampling method was used to select respondents from the third year and fourth year students of the BS Interior Design program during the second semester of AY 2016-2017. Using convenience sampling method, focus group discussion participants were selected from survey respondents who were willing and available to elaborate their answers. A 60-item survey questionnaire and a semi-structured focus group discussion guide was used to derive numerical scores corresponding to the students level of values and attitude towards social design. Correlated results showed that the respondents generally have a moderate level of positive values and moderate level of positive attitudes towards social design. The level of values among the students and their attitude towards social design were found to have a direct relationship. The wide range of students scores implies that positive values of giving and positive attitude towards social design are not widespread among all students. It is suggested that higher education includes value education to enhance the level of positive values among students. An inclusion of the concept of social design could also be emphasized in the curriculum to let the students have an in-depth understanding of the concept, better comprehension of its importance, increase the level of support and confidence, and teach students not only to overcome barriers but provide alternatives and feasible solutions.</subfield>
  </datafield>
  <datafield tag="650" ind1=" " ind2="0">
   <subfield code="a">Unversity of the Philippines (Diliman) College of Home Economics</subfield>
   <subfield code="x">Students.</subfield>
  </datafield>
  <datafield tag="650" ind1=" " ind2="0">
   <subfield code="a">Interior designers</subfield>
   <subfield code="x">Values.</subfield>
  </datafield>
  <datafield tag="700" ind1="1" ind2=" ">
   <subfield code="a">Florendo, Raquel B.</subfield>
   <subfield code="e">adviser.</subfield>
  </datafield>
  <datafield tag="905" ind1=" " ind2=" ">
   <subfield code="a">FI</subfield>
  </datafield>
  <datafield tag="905" ind1=" " ind2=" ">
   <subfield code="a">UP</subfield>
  </datafield>
  <datafield tag="852" ind1="0" ind2=" ">
   <subfield code="a">UPD</subfield>
   <subfield code="b">DCHE</subfield>
   <subfield code="h">LG 993.5 2017 I58</subfield>
   <subfield code="i">D46</subfield>
  </datafield>
  <datafield tag="942" ind1=" " ind2=" ">
   <subfield code="a">Thesis</subfield>
  </datafield>
 </record>
</collection>
